[Event "AUTO-OPEN-4625"]
[Site "http://www.queenalice.com/game.php?id=1865877"]
[Date "2025.11.20"]
[Round "1"]
[White "IranSilva"]
[Black "game"]
[Result "1-0"]
[WhiteElo "2230"]
[BlackElo "1455"]

1. Nf3 d6 2. g3 e5 3. d3 Nc6 4. Bg2 Bg4 5. O-O Bxf3 6. Bxf3 Nf6 7. e4 d5 8. exd5
Nxd5 9. Bd2 g5 10. Nc3 Ncb4 11. a3 g4 12. Bxg4 Nc6 13. Re1 h5 14. Bf3 Nxc3 15.
Bxc3 Bd6 16. Bxc6+ bxc6 17. Bxe5 O-O 18. Qxh5 Re8 19. Qh8# 1-0

[Event "AUTO-OPEN-4625"]
[Site "http://www.queenalice.com/game.php?id=1865878"]
[Date "2025.11.20"]
[Round "1"]
[White "game"]
[Black "IranSilva"]
[Result "0-1"]
[WhiteElo "1547"]
[BlackElo "2227"]

1. e3 d5 2. Nf3 Nf6 3. d4 Bf5 4. Bd3 Bxd3 5. cxd3 e6 6. Ng5 Bb4+ 7. Bd2 Be7 8.
e4 dxe4 9. Nxe4 Qxd4 10. Nbc3 Qxd3 11. Nxf6+ Bxf6 12. Qa4+ Nc6 13. Qb5 Qxb5 14.
Nxb5 O-O-O 15. Bf4 Rd7 16. Be3 a6 17. Na7+ Nxa7 18. Bxa7 Bxb2 19. Rb1 Bc3+ 20.
Ke2 Rd2+ 21. Kf3 Rhd8 22. Be3 Rxa2 23. Rbc1 Be5 24. Bf4 Bxf4 25. Kxf4 Rxf2+ 26.
Kg3 Rdd2 27. Rc3 Rxg2+ 28. Kh3 Rc2 29. Rf3 Rgf2 30. Rg3 g6 31. Rg4 Rf3+ 32. Rg3
Rcc3 33. Rg1 Rxg3+ 34. hxg3 f5 35. Kh4 Rc4+ 36. Kg5 Rg4+ 37. Kf6 f4 38. Kxe6
Rxg3 39. Rh1 h5 40. Rh4 f3 41. Ke5 f2 42. Rf4 Rg2 43. Ke4 g5 44. Rf8+ Kd7 45.
Rf7+ Kd6 46. Kf3 f1=Q+ 0-1

[Event "AUTO-OPEN-4625"]
[Site "http://www.queenalice.com/game.php?id=1865901"]
[Date "2025.11.20"]
[Round "1"]
[White "chessman"]
[Black "game"]
[Result "1-0"]
[WhiteElo "2084"]
[BlackElo "1524"]

1. e4 d6 2. d4 Nf6 3. Bd3 e5 4. dxe5 dxe5 5. Nf3 Ng4 6. h3 Nh6 7. Nxe5 Nc6 8.
Nxc6 bxc6 9. Bxh6 gxh6 10. Qh5 a5 11. Bc4 Qd7 12. O-O Rg8 13. Nc3 Ba6 14. Bxa6
Rxa6 15. Rad1 Qe6 16. f4 Bc5+ 17. Qxc5 Rb6 18. Qxa5 Qc8 19. Qe5+ Kf8 20. Qc5+
Kg7 21. Rf3 Rxb2 22. Rg3+ Kh8 23. Qe5+ Rg7 24. Qxg7# 1-0

[Event "AUTO-OPEN-4625"]
[Site "http://www.queenalice.com/game.php?id=1865902"]
[Date "2025.11.20"]
[Round "1"]
[White "game"]
[Black "chessman"]
[Result "0-1"]
[WhiteElo "1525"]
[BlackElo "2084"]

1. e4 e6 2. Nf3 d5 3. d3 dxe4 4. Ng5 exd3 5. Qf3 Qf6 6. cxd3 Qxf3 7. gxf3 h6 8.
Ne4 Nf6 9. Nbc3 Nbd7 10. Nb5 Kd8 11. Bf4 e5 12. Bg3 a6 13. Na3 Bxa3 14. bxa3
Nxe4 15. Bh4+ Nef6 16. Rc1 g5 17. Bg3 Nh5 18. a4 Nxg3 19. fxg3 f5 20. Bh3 Ke7
21. Rxc7 Kd6 22. Rc4 Nb6 23. Rc3 Nxa4 24. Rc4 b5 25. Rb4 Be6 26. O-O Rac8 27.
Rd1 Rc2 28. d4 Rxa2 29. dxe5+ Kxe5 30. Rbd4 Rc8 31. Rd6 Rcc2 32. g4 f4 33. Bf1
Rxh2 34. Rxa6 Bc4 35. Re1+ Kd5 36. Rd1+ Kc5 37. Rc1 h5 38. Rg6 hxg4 39. Rxg5+
Kb4 40. fxg4 Bxf1 41. Rxf1 Rag2# 0-1

[Event "AUTO-OPEN-4625"]
[Site "http://www.queenalice.com/game.php?id=1865915"]
[Date "2025.11.20"]
[Round "1"]
[White "Fischercat"]
[Black "game"]
[Result "1-0"]
[WhiteElo "1863"]
[BlackElo "1462"]

1. e4 d6 2. d4 e5 3. d5 Nd7 4. Bb5 Nf6 5. Bg5 Be7 6. Nc3 b6 7. Bc6 Rb8 8. Nb5
Nxe4 9. Bxe7 Kxe7 10. Bxd7 Kxd7 11. Nxa7 Qf6 12. Qg4+ Ke8 13. Qxe4 Ba6 14. Qa4+
Ke7 15. Nc6+ Kd7 16. Nxb8+ Ke7 17. Qd7+ Kf8 18. Nxa6 g6 19. Nxc7 Kg7 20. Ne8+
Rxe8 21. Qxe8 e4 22. Nh3 Qxb2 23. O-O Qxc2 24. Ng5 Kh6 25. Nxf7+ Kh5 26. Qh8 Qc5
27. Qxh7+ Kg4 28. Qxg6+ Kh4 29. Qg5# 1-0

[Event "AUTO-OPEN-4625"]
[Site "http://www.queenalice.com/game.php?id=1865916"]
[Date "2025.11.20"]
[Round "1"]
[White "game"]
[Black "Fischercat"]
[Result "0-1"]
[WhiteElo "1444"]
[BlackElo "1865"]

1. e3 e5 2. Nf3 d6 3. d4 e4 4. Nfd2 d5 5. Nb3 Be6 6. Nc3 Bb4 7. Bd2 Nf6 8. f3
exf3 9. Qxf3 O-O 10. O-O-O Bxc3 11. Bxc3 Bg4 12. Qf4 Bxd1 13. Kxd1 Re8 14. Qf3
Ne4 15. Bd3 Nxc3+ 16. bxc3 Qg5 17. Rf1 f6 18. Re1 Nc6 19. Nc5 b6 20. Na6 Re7 21.
Bb5 Na5 22. Nb4 Nc4 23. Nxd5 Nxe3+ 24. Nxe3 Qxb5 25. Qxa8+ Re8 26. Qxa7 Qg5 27.
Kd2 f5 28. a4 f4 29. Nc4 f3+ 30. Ne3 f2 31. Re2 f1=Q 32. Kd3 Qxe3+ 33. Kc4
Qexe2+ 34. Kd5 Qc4# 0-1

[Event "AUTO-OPEN-4627"]
[Site "http://www.queenalice.com/game.php?id=1866277"]
[Date "2025.11.28"]
[Round "1"]
[White "game"]
[Black "IranSilva"]
[Result "0-1"]
[WhiteElo "1483"]
[BlackElo "2265"]

1. e4 e5 2. Nf3 Nc6 3. Bc4 Nf6 4. Ng5 d5 5. exd5 Na5 6. Bb5+ c6 7. dxc6 bxc6 8.
Ba4 h6 9. Nf3 Bd6 10. d3 O-O 11. O-O Bg4 12. Bd2 e4 13. dxe4 Rc8 14. Re1 Nc4 15.
Bc3 Qc7 16. Qd4 Bxf3 17. gxf3 Bxh2+ 18. Kf1 Ne5 19. Nd2 Ng6 20. Bb4 Rfd8 21. Qc3
Nf4 22. Ba5 Qd7 23. Bxd8 Qh3# 0-1

[Event "AUTO-OPEN-4627"]
[Site "http://www.queenalice.com/game.php?id=1866278"]
[Date "2025.11.28"]
[Round "1"]
[White "IranSilva"]
[Black "game"]
[Result "1-0"]
[WhiteElo "2266"]
[BlackElo "1464"]

1. Nf3 d6 2. g3 e5 3. d3 f5 4. Bg2 f4 5. e3 fxg3 6. hxg3 Nc6 7. Nc3 Nf6 8. e4
Nd4 9. Bg5 Bg4 10. Rh4 Qd7 11. Bxf6 gxf6 12. Nd5 Be7 13. Nxe7 Kxe7 14. c3 Nc6
15. Qd2 f5 16. O-O-O fxe4 17. dxe4 Raf8 18. Qg5+ Ke8 19. Qxg4 Qxg4 20. Rxg4 Rhg8
21. Rxg8 Rxg8 22. Rh1 Rg4 23. Nh4 b5 24. Nf5 Ne7 25. Nxe7 Kxe7 26. Rxh7+ Kd8 27.
Rh8+ Kd7 28. Bh3 1-0

[Event "AUTO-INT-3953"]
[Site "http://www.queenalice.com/game.php?id=1866307"]
[Date "2025.11.28"]
[Round "1"]
[White "Hovis"]
[Black "game"]
[Result "1-0"]
[WhiteElo "1462"]
[BlackElo "1460"]

1. d4 Nf6 2. Nc3 d6 3. e3 e5 4. Nge2 Ng4 5. Ng3 Qf6 6. f3 Nxe3 7. Bxe3 Nc6 8.
Nd5 Qd8 9. Bc4 Be6 10. dxe5 Nb4 11. O-O dxe5 12. Qd2 Qh4 13. Nxc7+ Ke7 14. Ne4
Na6 15. Qd6# 1-0

[Event "AUTO-INT-3953"]
[Site "http://www.queenalice.com/game.php?id=1866308"]
[Date "2025.11.28"]
[Round "1"]
[White "game"]
[Black "Hovis"]
[Result "0-1"]
[WhiteElo "1442"]
[BlackElo "1478"]

1. e4 e5 2. Nf3 Nc6 3. Bc4 a6 4. d4 exd4 5. Ng5 Nh6 6. Qf3 f6 7. Nh3 Qe7 8. O-O
b5 9. Bd3 Bb7 10. Re1 O-O-O 11. Bd2 Re8 12. Qg3 g5 13. e5 f5 14. Bxg5 Qb4 15.
Kf1 Qxb2 16. Nd2 Rg8 17. Qf4 Bb4 18. Bxh6 Nxe5 19. Bxf5 Bxg2+ 20. Kg1 Bxh3+ 21.
Kh1 Bxd2 22. Qxd2 Bg2+ 23. Kg1 Nf3# 0-1

[Event "AUTO-INT-3953"]
[Site "http://www.queenalice.com/game.php?id=1866323"]
[Date "2025.11.28"]
[Round "1"]
[White "TammieM3ENF"]
[Black "game"]
[Result "0-1"]
[WhiteElo "1496"]
[BlackElo "1491"]

1. d4 e6 2. e4 Nf6 3. e5 Nd5 4. c4 Nb4 5. a3 N4a6 6. c5 Nc6 7. d5 Nxe5 8. d6 c6
9. b4 b5 10. a4 Nxb4 11. a5 f5 12. a6 Bxa6 13. g3 g6 14. f4 Nc4 15. Nd2 Bg7 16.
Rb1 Na2 17. Bb2 Bxb2 18. Rxb2 Nxb2 19. Qc2 Qf6 20. h4 Nb4 21. g4 Nxc2+ 22. Ke2
b4+ 23. Kf2 Qd4+ 24. Kg2 Qxd2+ 25. Be2 Bxe2 26. Nxe2 Ne3+ 27. Kg1 Qxe2 28. Rh2
Qe1# 0-1

[Event "AUTO-OPEN-4629"]
[Site "http://www.queenalice.com/game.php?id=1866802"]
[Date "2025.12.9"]
[Round "1"]
[White "game"]
[Black "SGF"]
[Result "0-1"]
[WhiteElo "1496"]
[BlackElo "1764"]

1. e4 e5 2. Nf3 Qf6 3. Bc4 d6 4. d3 Be7 5. Ng5 Nh6 6. d4 O-O 7. O-O Qg6 8. h4
Bxg5 9. hxg5 Ng4 10. Bd3 f6 11. f4 Qh5 12. Re1 Qh2+ 13. Kf1 fxg5 14. f5 Qh1+ 15.
Ke2 Qxg2# 0-1

[Event "AUTO-OPEN-4629"]
[Site "http://www.queenalice.com/game.php?id=1866805"]
[Date "2025.12.9"]
[Round "1"]
[White "josebaron"]
[Black "game"]
[Result "1-0"]
[WhiteElo "2186"]
[BlackElo "1561"]

1. e4 c5 2. Nf3 Nf6 3. Nc3 d6 4. Bb5+ Bd7 5. Bxd7+ Nbxd7 6. O-O e5 7. Re1 Ng4 8.
h3 Nh6 9. Nd5 Nb6 10. d3 Nxd5 11. exd5 Be7 12. Bxh6 gxh6 13. c4 Qb6 14. Qa4+ Kf8
15. Qd1 Bh4 16. Nxh4 Qxb2 17. Rb1 Qxa2 18. Rxb7 Kg7 19. Qg4+ Kf8 20. Qd7 Qa6 21.
Qxf7# 1-0